000
00397nam a2200145Ia 4500
008
100122s9999 xx 000 0 und d
082
_b
53056
_a
823.08
100
_a
जोगळेकर योगिनी
245
_a
शर्यत
260
_b
मनोरमा प्रकाशन
_c
1996
300
_a
172
630
_a
शर्यत
730
_a
शर्यत
942
_c
BOOK
999
_c
430175
_d
430172